000 00336nam a22001217a 4500
999 _c3437
_d3437
005 20201201150800.0
008 201201b ||||| |||| 00| 0 eng d
020 _a0809129574
040 _cCML
245 _aWhat Should i Teach?
_cMartin M.
260 _aMahwah
_bPaulist
_c1940
942 _2ddc
_cBK
_e1st Edition
_h268
_mMAR